000 00719cam a2200241 4500
008
020 _a0700224467(pbk.)
049 _aMAIN
090 _aS938
100 1 _aMossman, Archie S.
245 1 0 _aConservation /
_cArchie S. Mossman.
260 _aNew York :
_bIntext Educational Publishers,
_c1974.
300 _axii, 196 p. :
_bill. ;
_c23 cm.
440 0 _aIntext series in ecology
504 _aIncludes bibliographical references : p. 169-184.
500 _aIncludes index.
650 0 _aConservation of natural resources.
907 _a.b10056300
_b11-10-05
_c17-04-03
003
005 20230123133524.0
040 _cNUST
942 _cBOOKS
_kS938
999 _c150044
_d150044